State provisions for financing public-school capital outlay programs. (Record no. 22166)
[ view plain ]
| 000 -LEADER | |
|---|---|
| fixed length control field | 01485cam a22003371 4500 |
| 001 - CONTROL NUMBER | |
| control field | e 52000006 |
| 003 - CONTROL NUMBER IDENTIFIER | |
| control field | DLC |
| 005 - DATE AND TIME OF LATEST TRANSACTION | |
| control field | 20260227111234.0 |
| 008 - FIXED-LENGTH DATA ELEMENTS--GENERAL INFORMATION | |
| fixed length control field | 850917s1951 dcu b 000 0 eng c |
| 010 ## - LIBRARY OF CONGRESS CONTROL NUMBER | |
| LC control number | e 52000006 |
| 035 ## - SYSTEM CONTROL NUMBER | |
| System control number | (OCoLC)12563281 |
| 040 ## - CATALOGING SOURCE | |
| Original cataloging agency | U.S. Office of Education Library |
| Transcribing agency | NBuC |
| Modifying agency | NBuC |
| -- | DLC |
| 042 ## - AUTHENTICATION CODE | |
| Authentication code | premarc |
| 050 00 - LIBRARY OF CONGRESS CALL NUMBER | |
| Classification number | L111 |
| Item number | .A6 1951, no. 6 |
| 051 ## - LIBRARY OF CONGRESS COPY, ISSUE, OFFPRINT STATEMENT | |
| Classification number | LB2825 |
| Item number | .A454 1951 |
| 082 ## - DEWEY DECIMAL CLASSIFICATION NUMBER | |
| Classification number | 379.12 |
| 110 1# - MAIN ENTRY--CORPORATE NAME | |
| Corporate name or jurisdiction name as entry element | United States. |
| Subordinate unit | Office of Education. |
| 245 10 - TITLE STATEMENT | |
| Title | State provisions for financing public-school capital outlay programs. |
| Statement of responsibility, etc. | A cooperative study by the Office of Education, Federal Security Agency, and the University of California, Berkeley, under the sponsorship of the National Council of Chief State School Officers. |
| 260 ## - PUBLICATION, DISTRIBUTION, ETC. | |
| Place of publication, distribution, etc. | [Washington, |
| Date of publication, distribution, etc. | 1951] |
| 300 ## - PHYSICAL DESCRIPTION | |
| Extent | vi, 170 p. |
| Dimensions | 23 cm. |
| 490 1# - SERIES STATEMENT | |
| Series statement | Its Bulletin, 1951, |
| Volume/sequential designation | no. 6 |
| 501 ## - WITH NOTE | |
| With note | Copies 1 and 2 of L111.A6 with: Frustration in adolescent youth / David Segel. Washington : Govt. Print. Off., 1951. Bound together subsequent to publication. |
| Institution to which field applies | DLC |
| 504 ## - BIBLIOGRAPHY, ETC. NOTE | |
| Bibliography, etc. note | Bibliography: p. 168. |
| 650 #0 - SUBJECT ADDED ENTRY--TOPICAL TERM | |
| Topical term or geographic name entry element | Education |
| Geographic subdivision | United States |
| General subdivision | Finance. |
| 650 #0 - SUBJECT ADDED ENTRY--TOPICAL TERM | |
| Topical term or geographic name entry element | Education and state |
| Geographic subdivision | United States. |
| 650 #0 - SUBJECT ADDED ENTRY--TOPICAL TERM | |
| Topical term or geographic name entry element | School buildings |
| Geographic subdivision | United States. |
| 710 1# - ADDED ENTRY--CORPORATE NAME | |
| Corporate name or jurisdiction name as entry element | California. |
| Subordinate unit | University. |
| 710 2# - ADDED ENTRY--CORPORATE NAME | |
| Corporate name or jurisdiction name as entry element | Council of Chief State School Officers. |
| 740 0# - ADDED ENTRY--UNCONTROLLED RELATED/ANALYTICAL TITLE | |
| Uncontrolled related/analytical title | Financing public-school capital outlay programs. |
| 810 1# - SERIES ADDED ENTRY--CORPORATE NAME | |
| Corporate name or jurisdiction name as entry element | United States. |
| Subordinate unit | Office of Education. |
| Title of a work | Bulletin. |
| Number of part/section/meeting | 1951, |
| Volume/sequential designation | no. 6. |
No items available.